[Event "Mislata 2015 Torneo A"]
[Site "Mislata ESP"]
[Date "2015.08.10"]
[Round "1.1"]
[White "Valmana Canto, Jaime"]
[Black "Salvador Lopez, Daniel"]
[Result "1-0"]
[WhiteElo "2424"]
[BlackElo "2117"]
[PlyCount "53"]
[EventDate "2015.08.10"]
[EventType "swiss"]
[EventRounds "9"]
[EventCountry "ESP"]
[Source "lmi"]
[SourceDate "2015.08.10"]

1. b3 b6 2. Bb2 Bb7 3. Nf3 Nf6 4. e3 e6 5. d4 Be7 6. Bd3 O-O 7. Nbd2 d5 8. Ne5
Ne4 9. Nxe4 dxe4 10. Bc4 Bd5 11. f3 f6 12. Ng4 Bxc4 13. bxc4 Qd6 14. O-O Qb4
15. Rb1 Qxc4 16. fxe4 Nc6 17. Qf3 f5 18. Nf2 f4 19. exf4 Nxd4 20. Bxd4 Qxd4 21.
Kh1 Rad8 22. Qb3 Kh8 23. Qxe6 Rxf4 24. Qxe7 Rdf8 25. Rbd1 Qc4 26. Kg1 h6 27.
Rd8 1-0

[Event "Mislata 2015 Torneo A"]
[Site "Mislata ESP"]
[Date "2015.08.10"]
[Round "1.2"]
[White "Orosa Martinez, Victor"]
[Black "Sos Andreu, Eric"]
[Result "0-1"]
[WhiteElo "2114"]
[BlackElo "2362"]
[PlyCount "62"]
[EventDate "2015.08.10"]
[EventType "swiss"]
[EventRounds "9"]
[EventCountry "ESP"]
[Source "lmi"]
[SourceDate "2015.08.10"]

1. d4 g6 2. c4 c5 3. d5 b5 4. e4 d6 5. cxb5 a6 6. Na3 Nf6 7. f3 axb5 8. Bxb5+
Bd7 9. Ne2 Bg7 10. Nc3 Rxa3 11. Bxd7+ Nfxd7 12. bxa3 Bxc3+ 13. Bd2 Bxa1 14.
Qxa1 f6 15. h4 Kf7 16. f4 Qe8 17. h5 Rg8 18. hxg6+ hxg6 19. Kf2 Rh8 20. e5 dxe5
21. Bc3 exf4 22. Qe1 Rxh1 23. Qxh1 Nf8 24. Qh4 e5 25. dxe6+ Qxe6 26. Qxf4 Nbd7
27. g4 Qxa2+ 28. Kg3 Qb3 29. Qf3 Ne6 30. Kg2 Qa2+ 31. Kg1 Qxa3 0-1

[Event "Mislata 2015 Torneo A"]
[Site "Mislata ESP"]
[Date "2015.08.10"]
[Round "1.3"]
[White "Ibanez Aullana, Ramon"]
[Black "Hassomal Daswani, Birjkumar"]
[Result "1-0"]
[WhiteElo "2316"]
[BlackElo "2109"]
[PlyCount "83"]
[EventDate "2015.08.10"]
[EventType "swiss"]
[EventRounds "9"]
[EventCountry "ESP"]
[Source "lmi"]
[SourceDate "2015.08.10"]

1. e4 c5 2. Nf3 g6 3. c4 Bg7 4. d4 cxd4 5. Nxd4 Nc6 6. Be3 d6 7. Nc3 Nf6 8. Be2
O-O 9. O-O Re8 10. f3 Bd7 11. Qd2 a6 12. Rfc1 Rc8 13. Bf1 Nxd4 14. Bxd4 Bc6 15.
b4 e6 16. Rd1 Qe7 17. Rac1 Bf8 18. a4 e5 19. Be3 Bd7 20. a5 Be6 21. Bg5 Red8
22. Na4 Bg7 23. Nb6 Rb8 24. Rc3 Qf8 25. Rd3 h6 26. Be3 Kh7 27. c5 d5 28. exd5
Bf5 29. Rc3 e4 30. d6 exf3 31. gxf3 Qe8 32. Bd4 Qc6 33. Re3 Be6 34. Qb2 Nh5 35.
Rde1 Bxd4 36. Qxd4 Ng7 37. Bd3 Bf5 38. Qf6 Rf8 39. Bc4 Nh5 40. Qd4 Rbd8 41. b5
Qc7 42. Re7 1-0

[Event "Mislata 2015 Torneo A"]
[Site "Mislata ESP"]
[Date "2015.08.10"]
[Round "1.4"]
[White "Fernandez Ayuso, Sergio"]
[Black "Garcia Fernandez, Carlos"]
[Result "0-1"]
[WhiteElo "2102"]
[BlackElo "2312"]
[PlyCount "60"]
[EventDate "2015.08.10"]
[EventType "swiss"]
[EventRounds "9"]
[EventCountry "ESP"]
[Source "lmi"]
[SourceDate "2015.08.10"]

1. d4 c5 2. d5 f5 3. c4 g6 4. Nc3 Bg7 5. Nf3 d6 6. Qc2 Na6 7. g3 Nf6 8. Bg2 O-O
9. O-O Nc7 10. Nd2 Rb8 11. a4 b6 12. e4 a6 13. f4 fxe4 14. Ndxe4 b5 15. axb5
axb5 16. Nxf6+ Bxf6 17. h4 bxc4 18. h5 Kg7 19. Be4 Qd7 20. Ne2 Nb5 21. Bg2 Nd4
22. Qxc4 Qg4 23. Kf2 Rb4 24. Qd3 Bf5 25. Qd1 Nxe2 26. Bf3 Qxg3+ 27. Kxe2 Bg4
28. Ra3 Re4+ 29. Re3 Qg2+ 30. Kd3 c4+ 0-1

[Event "Mislata 2015 Torneo A"]
[Site "Mislata ESP"]
[Date "2015.08.10"]
[Round "1.5"]
[White "Castella Garcia, Fausto"]
[Black "Gines Esteo, Pedro Antonio"]
[Result "1-0"]
[WhiteElo "2310"]
[BlackElo "2090"]
[PlyCount "61"]
[EventDate "2015.08.10"]
[EventType "swiss"]
[EventRounds "9"]
[EventCountry "ESP"]
[Source "lmi"]
[SourceDate "2015.08.10"]

1. e4 c6 2. d4 d5 3. e5 Bf5 4. Nf3 e6 5. Be2 Nd7 6. O-O c5 7. c4 Ne7 8. Nc3
dxc4 9. Bxc4 Nc6 10. d5 Ncxe5 11. Nxe5 Nxe5 12. Qa4+ Nd7 13. dxe6 fxe6 14. Rd1
a6 15. Bd3 b5 16. Qf4 Qf6 17. Bxf5 Qxf5 18. Qc7 Rd8 19. Be3 Be7 20. Qc6 Bf6 21.
Rxd7 Rxd7 22. Rd1 e5 23. Ne4 Be7 24. Ng3 Qg4 25. f3 Qe6 26. Qxe6 Rxd1+ 27. Kf2
Rf8 28. Bxc5 Rd7 29. Ne4 Kd8 30. Qxe5 Bxc5+ 31. Nxc5 1-0

[Event "Mislata 2015 Torneo A"]
[Site "Mislata ESP"]
[Date "2015.08.10"]
[Round "1.6"]
[White "Fernandez Gil, Ruben Carlos"]
[Black "Cruz Lledo, Pablo"]
[Result "0-1"]
[WhiteElo "2083"]
[BlackElo "2291"]
[PlyCount "58"]
[EventDate "2015.08.10"]
[EventType "swiss"]
[EventRounds "9"]
[EventCountry "ESP"]
[Source "lmi"]
[SourceDate "2015.08.10"]

1. e4 d5 2. exd5 Qxd5 3. Nc3 Qd6 4. d4 Nf6 5. g3 g6 6. Bg2 Bg7 7. Nge2 O-O 8.
O-O c6 9. h3 Bf5 10. g4 Be6 11. g5 Nh5 12. Ne4 Qc7 13. c3 Nd7 14. Be3 Rad8 15.
Qc1 Bc4 16. Re1 e5 17. N4g3 Nxg3 18. Nxg3 Nb6 19. dxe5 Bxe5 20. f4 Bg7 21. Bc5
Rfe8 22. Rxe8+ Rxe8 23. Ne4 Bd5 24. Nf6+ Bxf6 25. gxf6 Bxg2 26. Kxg2 Nd5 27.
Kf3 Qd7 28. Qf1 Qf5 29. Kg3 Nxf6 0-1

[Event "Mislata 2015 Torneo A"]
[Site "Mislata ESP"]
[Date "2015.08.10"]
[Round "1.7"]
[White "Remolar Gallen, Jose"]
[Black "Calvo Alfonso, Vicente"]
[Result "0-1"]
[WhiteElo "2282"]
[BlackElo "2079"]
[PlyCount "106"]
[EventDate "2015.08.10"]
[EventType "swiss"]
[EventRounds "9"]
[EventCountry "ESP"]
[Source "lmi"]
[SourceDate "2015.08.10"]

1. e4 e6 2. b3 b6 3. Bb2 Bb7 4. Nc3 c5 5. f4 a6 6. Nf3 d6 7. d4 cxd4 8. Nxd4
Nd7 9. Bd3 Ngf6 10. Qe2 Qc7 11. O-O e5 12. Nf5 g6 13. Ne3 Bh6 14. fxe5 dxe5 15.
Rf3 O-O 16. Raf1 Qc5 17. Kh1 b5 18. Ncd1 Nh5 19. Ng4 Bg7 20. Bc1 Nf4 21. Bxf4
exf4 22. Rxf4 h5 23. Nge3 Rae8 24. a4 Bc6 25. axb5 axb5 26. Qf2 Ne5 27. Nd5
Nxd3 28. cxd3 Qxf2 29. Nxf2 Bxd5 30. exd5 Rd8 31. Re1 Rxd5 32. g3 f5 33. Re6
Rf6 34. Re8+ Rf8 35. Re6 Rf6 36. Re2 g5 37. Rf3 g4 38. Rfe3 Rf7 39. Kg2 Bd4 40.
Re8+ Rf8 41. Nd1 Rxe8 42. Rxe8+ Kf7 43. Rb8 Kf6 44. Kf1 Rc5 45. Rb6+ Kg5 46.
Rd6 Be5 47. Re6 f4 48. gxf4+ Kxf4 49. Nf2 Kf3 50. Nd1 Rc1 51. Rxe5 Rxd1+ 52.
Re1 Rxe1+ 53. Kxe1 Ke3 0-1

[Event "Mislata 2015 Torneo A"]
[Site "Mislata ESP"]
[Date "2015.08.10"]
[Round "1.8"]
[White "Reig Albero, Ferran"]
[Black "Mingarro Carceller, Sergi"]
[Result "1/2-1/2"]
[WhiteElo "2067"]
[BlackElo "2255"]
[PlyCount "71"]
[EventDate "2015.08.10"]
[EventType "swiss"]
[EventRounds "9"]
[EventCountry "ESP"]
[Source "lmi"]
[SourceDate "2015.08.10"]

1. e4 e6 2. d4 d5 3. Nd2 Nf6 4. e5 Nfd7 5. c3 c5 6. f4 Nc6 7. Ndf3 Qb6 8. Ne2
Be7 9. g3 cxd4 10. cxd4 f6 11. Bh3 fxe5 12. fxe5 O-O 13. Nf4 Kh8 14. Qd3 g5 15.
Ng6+ hxg6 16. Qxg6 Ndxe5 17. dxe5 Rxf3 18. Qh5+ Kg7 19. Qxf3 Nd4 20. Qf2 Qb4+
21. Bd2 Nc2+ 22. Kd1 Qxb2 23. Rc1 Bd7 24. Rf1 Rf8 25. Qxa7 Rc8 26. Qf2 Kh8 27.
Qe2 Kg7 28. Qf3 Qxe5 29. Qf7+ Kh6 30. Qxe7 Ne3+ 31. Bxe3 Rxc1+ 32. Kxc1 Qxe3+
33. Kb2 Qd4+ 34. Kb1 Qd3+ 35. Kb2 Qd4+ 36. Kb1 1/2-1/2

[Event "Mislata 2015 Torneo A"]
[Site "Mislata ESP"]
[Date "2015.08.11"]
[Round "2.1"]
[White "Nieves Cabanes, Jose Manuel"]
[Black "Valmana Canto, Jaime"]
[Result "0-1"]
[WhiteElo "2211"]
[BlackElo "2424"]
[PlyCount "54"]
[EventDate "2015.08.10"]
[EventType "swiss"]
[EventRounds "9"]
[EventCountry "ESP"]
[Source "lmi"]
[SourceDate "2015.08.10"]

1. d4 f5 2. c4 Nf6 3. Nc3 d6 4. Bg5 Nbd7 5. Qc2 g6 6. Nh3 e5 7. dxe5 dxe5 8.
O-O-O Bg7 9. Nd5 O-O 10. e4 fxe4 11. c5 c6 12. Nxf6+ Bxf6 13. Bxf6 Qxf6 14.
Bc4+ Kh8 15. b4 a5 16. a3 axb4 17. axb4 Qe7 18. Qxe4 Nxc5 19. bxc5 Bxh3 20.
gxh3 Qxc5 21. Rhe1 Ra4 22. Qxe5+ Qxe5 23. Rxe5 Rxc4+ 24. Kb2 Rf7 25. Rd2 Kg7
26. Re3 Rcf4 27. Ree2 Rf3 0-1

[Event "Mislata 2015 Torneo A"]
[Site "Mislata ESP"]
[Date "2015.08.11"]
[Round "2.2"]
[White "Sos Andreu, Eric"]
[Black "Sanchez Romero, Miquel Angel"]
[Result "1/2-1/2"]
[WhiteElo "2362"]
[BlackElo "2216"]
[PlyCount "136"]
[EventDate "2015.08.10"]
[EventType "swiss"]
[EventRounds "9"]
[EventCountry "ESP"]
[Source "lmi"]
[SourceDate "2015.08.10"]

1. c4 e5 2. g3 Nc6 3. Bg2 g6 4. Nc3 Bg7 5. d3 Nf6 6. e3 O-O 7. Nge2 d6 8. O-O
Be6 9. Nd5 Qd7 10. Rb1 Bh3 11. e4 Bxg2 12. Kxg2 Nxd5 13. cxd5 Ne7 14. Be3 c6
15. dxc6 Nxc6 16. Nc3 Nd4 17. Bxd4 exd4 18. Nd5 Rac8 19. Rc1 Rxc1 20. Qxc1 Kh8
21. Qd2 Rc8 22. Rc1 Rc6 23. Nb4 Rc5 24. Nd5 h6 25. Rxc5 dxc5 26. Qf4 f5 27. h4
b5 28. b3 fxe4 29. Qxe4 Qc6 30. Kh2 c4 31. bxc4 bxc4 32. dxc4 Qxc4 33. a4 Qc6
34. a5 a6 35. Qf3 Qb7 36. Kg2 h5 37. Qe4 Qc6 38. Kf3 Kh7 39. Nf4 Qxe4+ 40. Kxe4
Bf8 41. Nd5 Bc5 42. Kd3 Kh6 43. Kc4 Ba7 44. Nb6 g5 45. hxg5+ Kxg5 46. Kxd4 Kg4
47. Ke4 Bb8 48. Nd5 Bd6 49. Ne3+ Kh3 50. Kf3 Bb4 51. Nd5 Bxa5 52. Nf4+ Kh2 53.
Nxh5 Bc3 54. Ke4 a5 55. Kd3 Bb2 56. Nf4 a4 57. g4 Be5 58. Nd5 a3 59. Nb4 Kh3
60. f3 Kg3 61. Ke4 Bd6 62. Nc2 Be7 63. Na1 Bg5 64. Kf5 Bf4 65. Ke4 a2 66. Nc2
Bc1 67. Na1 Bf4 68. Nb3 Bh6 1/2-1/2

[Event "Mislata 2015 Torneo A"]
[Site "Mislata ESP"]
[Date "2015.08.11"]
[Round "2.3"]
[White "Garcia Fernandez, Carlos"]
[Black "Serna Lara, Sergio"]
[Result "1/2-1/2"]
[WhiteElo "2312"]
[BlackElo "2205"]
[PlyCount "29"]
[EventDate "2015.08.10"]
[EventType "swiss"]
[EventRounds "9"]
[EventCountry "ESP"]
[Source "lmi"]
[SourceDate "2015.08.10"]

1. e4 e6 2. d4 d5 3. e5 c5 4. c3 Qb6 5. Nf3 Nc6 6. a3 c4 7. Nbd2 Na5 8. Be2 Bd7
9. O-O Ne7 10. Rb1 Qc7 11. Ne1 O-O-O 12. g3 f5 13. f4 h6 14. Ng2 Kb8 15. Nf3
1/2-1/2

[Event "Mislata 2015 Torneo A"]
[Site "Mislata ESP"]
[Date "2015.08.11"]
[Round "2.4"]
[White "Ballester Sanz, Joaquin"]
[Black "Castella Garcia, Fausto"]
[Result "1-0"]
[WhiteElo "2157"]
[BlackElo "2310"]
[PlyCount "51"]
[EventDate "2015.08.10"]
[EventType "swiss"]
[EventRounds "9"]
[EventCountry "ESP"]
[Source "lmi"]
[SourceDate "2015.08.10"]

1. e4 c5 2. Nf3 e6 3. d4 cxd4 4. Nxd4 a6 5. Bd3 Nc6 6. Nxc6 dxc6 7. Nd2 e5 8.
Nc4 Nf6 9. O-O Qc7 10. a4 Bg4 11. Qe1 Bc5 12. Be3 Qe7 13. f3 Bh5 14. Qa5 b5 15.
Kh1 Nd7 16. axb5 Bb4 17. Qa4 cxb5 18. Qxb5 O-O 19. Rxa6 Rab8 20. Qd5 Bc5 21.
Rfa1 Bxe3 22. Nxe3 Rxb2 23. Nf5 Qd8 24. g4 Bg6 25. Rd6 Bxf5 26. exf5 1-0

[Event "Mislata 2015 Torneo A"]
[Site "Mislata ESP"]
[Date "2015.08.11"]
[Round "2.5"]
[White "Cruz Lledo, Pablo"]
[Black "Jordan Arenas, Manuel"]
[Result "1/2-1/2"]
[WhiteElo "2291"]
[BlackElo "2122"]
[PlyCount "117"]
[EventDate "2015.08.10"]
[EventType "swiss"]
[EventRounds "9"]
[EventCountry "ESP"]
[Source "lmi"]
[SourceDate "2015.08.10"]

1. d4 Nf6 2. c4 e6 3. Nc3 Bb4 4. Qc2 O-O 5. a3 Bxc3+ 6. Qxc3 b6 7. Bg5 Bb7 8.
f3 h6 9. Bh4 d5 10. e3 Re8 11. Nh3 Nbd7 12. cxd5 e5 13. dxe5 Nxd5 14. Bxd8 Nxc3
15. bxc3 Raxd8 16. f4 Nc5 17. Nf2 f6 18. Bb5 Re7 19. Ng4 f5 20. Nf2 Bxg2 21.
Rg1 Bb7 22. Ke2 a6 23. Bc4+ Bd5 24. Bxd5+ Rxd5 25. c4 Rd8 26. Rad1 Red7 27.
Rxd7 Rxd7 28. e4 Nxe4 29. Nxe4 fxe4 30. Ke3 Rd3+ 31. Kxe4 Rxa3 32. f5 Kf8 33.
Kd5 Rc3 34. Rg6 Rd3+ 35. Kc6 b5 36. cxb5 axb5 37. Rg3 Rd2 38. e6 b4 39. Kxc7
Rd5 40. Kc6 Rxf5 41. Kd6 Rf2 42. Rd3 Ke8 43. h4 g5 44. h5 g4 45. Ke5 Rf3 46.
Rd4 g3 47. Rxb4 g2 48. Rg4 Rf2 49. Rg6 Ke7 50. Rg7+ Ke8 51. e7 Re2+ 52. Kf5
Rf2+ 53. Ke4 Re2+ 54. Kf3 Re5 55. Kxg2 Rxh5 56. Kg3 Rg5+ 57. Rxg5 hxg5 58. Kg4
Kxe7 59. Kxg5 1/2-1/2

[Event "Mislata 2015 Torneo A"]
[Site "Mislata ESP"]
[Date "2015.08.11"]
[Round "2.6"]
[White "Jordan Martinez, Miguel"]
[Black "Calvo Alfonso, Vicente"]
[Result "1-0"]
[WhiteElo "2222"]
[BlackElo "2079"]
[PlyCount "81"]
[EventDate "2015.08.10"]
[EventType "swiss"]
[EventRounds "9"]
[EventCountry "ESP"]
[Source "lmi"]
[SourceDate "2015.08.10"]

1. e4 g6 2. d4 Bg7 3. Nc3 c6 4. Be3 d5 5. Qd2 a6 6. f3 b5 7. Be2 h5 8. a4 b4 9.
Na2 a5 10. c3 bxc3 11. Nxc3 Nf6 12. e5 Ng8 13. Bd3 Na6 14. Nge2 Nb4 15. Bb1 e6
16. Na2 Rb8 17. Nxb4 Rxb4 18. Nc1 Ba6 19. Bd3 Bc4 20. Qc2 Qb6 21. Rb1 Ne7 22.
b3 Nf5 23. Bxf5 gxf5 24. Bd2 Bf8 25. Bc3 Kd7 26. Kf2 Ba6 27. Rd1 Be7 28. Bxb4
axb4 29. Qd2 c5 30. Nd3 cxd4 31. Rbc1 Bxd3 32. Qxd3 Bg5 33. Rc2 Be3+ 34. Kf1
Rb8 35. Ra1 Qa5 36. Re1 f4 37. Rd1 Rb7 38. Ke2 Ke7 39. Rc6 Kd7 40. Qc2 Qd8 41.
Rd6+ 1-0

[Event "Mislata 2015 Torneo A"]
[Site "Mislata ESP"]
[Date "2015.08.11"]
[Round "2.7"]
[White "Mingarro Carceller, Sergi"]
[Black "Villar, Juan"]
[Result "1-0"]
[WhiteElo "2255"]
[BlackElo "2008"]
[PlyCount "177"]
[EventDate "2015.08.10"]
[EventType "swiss"]
[EventRounds "9"]
[EventCountry "ESP"]
[Source "lmi"]
[SourceDate "2015.08.10"]

1. e4 c5 2. Nf3 Nc6 3. Bb5 g6 4. Bxc6 dxc6 5. d3 Bg7 6. h3 Nf6 7. Nc3 Nd7 8.
Be3 e5 9. Qd2 h6 10. O-O Qe7 11. Nh2 Nf8 12. f4 exf4 13. Bxf4 Be6 14. Nf3 O-O-O
15. Bh2 g5 16. a4 Ng6 17. Qf2 Nf4 18. a5 Rhg8 19. Kh1 Bd7 20. Bxf4 gxf4 21. Na4
Bf8 22. Nh4 Qg5 23. Qxf4 Be6 24. Qxg5 hxg5 25. Nf5 g4 26. Rf4 gxh3 27. gxh3 c4
28. Rf3 cxd3 29. cxd3 Bxf5 30. exf5 Bb4 31. Nc3 Rd4 32. a6 bxa6 33. Rxa6 Kb7
34. Ra1 Rgd8 35. Rd1 Rh4 36. Kg2 c5 37. Ne2 c4 38. d4 Bd6 39. Rc1 Rg8+ 40. Kf2
Rgh8 41. b3 cxb3 42. Rxb3+ Ka8 43. Rc6 Bb8 44. Rcc3 R4h5 45. Rf3 Rd8 46. Ke3
Bc7 47. Rb5 Rdh8 48. Rd5 Rxh3 49. Rxh3 Rxh3+ 50. Kd2 Rf3 51. Nc3 Bb6 52. Ne4
Kb8 53. Ng5 Rf4 54. Ke3 Rf1 55. Nxf7 Kc7 56. Ke4 a5 57. Ne5 Re1+ 58. Kd3 a4 59.
Nc4 Ba7 60. Ra5 Kb8 61. Rxa4 Rf1 62. Ne3 Rf4 63. Rb4+ Kc8 64. Nd5 Rf1 65. f6
Bb8 66. Ke4 Bd6 67. Ra4 Kd7 68. Ra7+ Ke6 69. Ne3 Rf4+ 70. Kd3 Rf3 71. f7 Rxf7
72. d5+ Kf6 73. Ng4+ Kg6 74. Ra6 Kg5 75. Rxd6 Kxg4 76. Re6 Kf5 77. Re1 Rc7 78.
Kd4 Kf6 79. d6 Rc2 80. Kd5 Kf7 81. d7 Rd2+ 82. Kc6 Rc2+ 83. Kb7 Rd2 84. Kc8
Rc2+ 85. Kd8 Rh2 86. Rc1 Ke6 87. Kc7 Rh7 88. Re1+ Kd5 89. Kc8 1-0

[Event "Mislata 2015 Torneo A"]
[Site "Mislata ESP"]
[Date "2015.08.11"]
[Round "2.8"]
[White "Serra Ujaldon, Pau"]
[Black "Galvan, Jesus"]
[Result "0-1"]
[WhiteElo "1927"]
[BlackElo "2229"]
[PlyCount "38"]
[EventDate "2015.08.10"]
[EventType "swiss"]
[EventRounds "9"]
[EventCountry "ESP"]
[Source "lmi"]
[SourceDate "2015.08.10"]

1. d4 Nc6 2. c4 e5 3. d5 Nce7 4. e4 Nf6 5. Nc3 Ng6 6. Bd3 Bc5 7. Nge2 d6 8. Rb1
Ng4 9. Kd2 Nxf2 10. Qf1 a6 11. Rg1 Nxd3 12. Kxd3 Bxg1 13. Qxg1 f5 14. Be3 b5
15. b3 b4 16. Na4 fxe4+ 17. Kd2 O-O 18. Ng3 Bd7 19. Nxe4 Bf5 0-1

[Event "Mislata 2015 Torneo A"]
[Site "Mislata ESP"]
[Date "2015.08.11"]
[Round "3.1"]
[White "Valmana Canto, Jaime"]
[Black "Jordan Martinez, Miguel"]
[Result "1-0"]
[WhiteElo "2424"]
[BlackElo "2222"]
[PlyCount "49"]
[EventDate "2015.08.10"]
[EventType "swiss"]
[EventRounds "9"]
[EventCountry "ESP"]
[Source "lmi"]
[SourceDate "2015.08.10"]

1. d4 Nf6 2. Bg5 e6 3. e4 h6 4. Bxf6 Qxf6 5. c3 d6 6. Bd3 Be7 7. Ne2 e5 8. O-O
O-O 9. f4 exd4 10. cxd4 Bg4 11. Nbc3 Qe6 12. Qd2 Bxe2 13. Qxe2 Qd7 14. Rad1 Nc6
15. Bb1 Bd8 16. Qh5 Ne7 17. f5 f6 18. Bc2 c6 19. Rf3 Kh7 20. Rg3 Bc7 21. Qg4
Rf7 22. e5 d5 23. e6 Qd8 24. exf7 Bxg3 25. Qxg3 1-0

[Event "Mislata 2015 Torneo A"]
[Site "Mislata ESP"]
[Date "2015.08.11"]
[Round "3.2"]
[White "Minaya, Juan"]
[Black "Sos Andreu, Eric"]
[Result "1-0"]
[WhiteElo "2199"]
[BlackElo "2362"]
[PlyCount "59"]
[EventDate "2015.08.10"]
[EventType "swiss"]
[EventRounds "9"]
[EventCountry "ESP"]
[Source "lmi"]
[SourceDate "2015.08.10"]

1. Nf3 Nf6 2. c4 g6 3. Nc3 Bg7 4. e4 d6 5. d4 O-O 6. Be2 Na6 7. O-O e5 8. Rb1
c6 9. d5 c5 10. a3 Ne8 11. Ne1 f5 12. f3 Bf6 13. Nd3 Bg5 14. f4 exf4 15. Bxf4
Bf6 16. e5 dxe5 17. Bxe5 Nd6 18. Bxd6 Qxd6 19. Nb5 Qd8 20. Bf3 Qb6 21. Nf4 Bd7
22. d6 Bc6 23. Nd5 Qd8 24. Re1 Qd7 25. Nxf6+ Rxf6 26. Re7 Qd8 27. Bd5+ Kh8 28.
Qe1 Bxd5 29. cxd5 Qb6 30. Qh4 1-0

[Event "Mislata 2015 Torneo A"]
[Site "Mislata ESP"]
[Date "2015.08.11"]
[Round "3.3"]
[White "Jordan Arenas, Manuel"]
[Black "Ibanez Aullana, Ramon"]
[Result "1/2-1/2"]
[WhiteElo "2122"]
[BlackElo "2316"]
[PlyCount "113"]
[EventDate "2015.08.10"]
[EventType "swiss"]
[EventRounds "9"]
[EventCountry "ESP"]
[Source "lmi"]
[SourceDate "2015.08.10"]

1. d4 Nf6 2. c4 e6 3. Nf3 Bb4+ 4. Bd2 c5 5. g3 Qb6 6. Bxb4 Qxb4+ 7. Qd2 Nc6 8.
Qxb4 Nxb4 9. Na3 b6 10. Bg2 Bb7 11. O-O a6 12. Rfc1 Be4 13. dxc5 bxc5 14. Nd2
Bxg2 15. Kxg2 Ke7 16. Nc2 Nc6 17. Rd1 Rhb8 18. b3 d6 19. e3 g5 20. Rac1 g4 21.
h3 h5 22. hxg4 hxg4 23. Rh1 Ne5 24. Ne1 Rh8 25. Rxh8 Rxh8 26. Nc2 Nd3 27. Rf1
d5 28. Rd1 Rh5 29. Ne1 Ne5 30. cxd5 exd5 31. Nb1 Kd6 32. Nc3 Kc6 33. Nd3 Nxd3
34. Rxd3 Ne4 35. Nxe4 dxe4 36. Rd2 Rd5 37. Rc2 Kb5 38. Kf1 Rd1+ 39. Ke2 Ra1 40.
Kd2 f5 41. Kc3 a5 42. a4+ Kc6 43. Rd2 Rc1+ 44. Kb2 Rh1 45. Kc3 Rh2 46. Kc2 Rh8
47. Kc3 Rb8 48. Rd1 Rh8 49. Rd2 Rh1 50. Kb2 Rh6 51. Kc3 Rd6 52. Rc2 Rd3+ 53.
Kb2 Rd1 54. Kc3 Kd5 55. Rd2+ Rxd2 56. Kxd2 c4 57. Kc3 1/2-1/2

[Event "Mislata 2015 Torneo A"]
[Site "Mislata ESP"]
[Date "2015.08.11"]
[Round "3.4"]
[White "Lucas Leon, Angel"]
[Black "Garcia Fernandez, Carlos"]
[Result "0-1"]
[WhiteElo "1935"]
[BlackElo "2312"]
[PlyCount "65"]
[EventDate "2015.08.10"]
[EventType "swiss"]
[EventRounds "9"]
[EventCountry "ESP"]
[Source "lmi"]
[SourceDate "2015.08.10"]

1. d4 d6 2. c4 e5 3. e3 c6 4. Nc3 Nd7 5. Bd3 Ngf6 6. Nge2 Be7 7. O-O O-O 8. Qc2
Re8 9. Ne4 Nxe4 10. Bxe4 g6 11. g3 Bf8 12. Bg2 Nf6 13. Nc3 h5 14. dxe5 dxe5 15.
b3 h4 16. Bb2 hxg3 17. hxg3 Ng4 18. Qe2 Qg5 19. Bh3 e4 20. Kg2 Bg7 21. Rh1 Bf5
22. Rad1 Rad8 23. Rxd8 Rxd8 24. Rd1 Re8 25. Na4 Bxb2 26. Nxb2 Kg7 27. Rh1 Rh8
28. Qd1 Rd8 29. Qe2 b6 30. Na4 Ne5 31. Qb2 f6 32. Qe2 Nf3 33. Bxf5 0-1

[Event "Mislata 2015 Torneo A"]
[Site "Mislata ESP"]
[Date "2015.08.11"]
[Round "3.5"]
[White "Torrijos Garcia, Borja"]
[Black "Cruz Lledo, Pablo"]
[Result "0-1"]
[WhiteElo "1862"]
[BlackElo "2291"]
[PlyCount "74"]
[EventDate "2015.08.10"]
[EventType "swiss"]
[EventRounds "9"]
[EventCountry "ESP"]
[Source "lmi"]
[SourceDate "2015.08.10"]

1. c4 c6 2. g3 d5 3. Bg2 Nf6 4. Nf3 g6 5. O-O Bg7 6. d4 O-O 7. b3 a5 8. Nc3 Ne4
9. Bb2 Nxc3 10. Bxc3 b5 11. c5 Nd7 12. Qc2 Qc7 13. Rfe1 Nf6 14. Nd2 Bf5 15. e4
dxe4 16. Nxe4 Bxe4 17. Bxe4 Nxe4 18. Rxe4 Rfd8 19. Qe2 e6 20. h4 Rd5 21. Rd1
Rad8 22. f4 b4 23. Bb2 Qd7 24. Kg2 Rxc5 25. dxc5 Qxd1 26. Qxd1 Rxd1 27. Bxg7
Kxg7 28. Kf3 Rd2 29. Re2 Rxe2 30. Kxe2 f5 31. Ke3 Kf6 32. Kd4 h6 33. h5 gxh5
34. Ke3 e5 35. fxe5+ Kxe5 36. Kf3 h4 37. gxh4 f4 0-1

[Event "Mislata 2015 Torneo A"]
[Site "Mislata ESP"]
[Date "2015.08.11"]
[Round "3.6"]
[White "Galvan, Jesus"]
[Black "Jordan Martinez, David"]
[Result "1-0"]
[WhiteElo "2229"]
[BlackElo "2161"]
[PlyCount "121"]
[EventDate "2015.08.10"]
[EventType "swiss"]
[EventRounds "9"]
[EventCountry "ESP"]
[Source "lmi"]
[SourceDate "2015.08.10"]

1. d4 Nf6 2. c4 e6 3. Nc3 Bb4 4. f3 d5 5. a3 Bxc3+ 6. bxc3 c5 7. cxd5 Nxd5 8.
dxc5 Qa5 9. e4 Nf6 10. Be3 Nfd7 11. Qb3 O-O 12. Nh3 Qc7 13. a4 b6 14. Qa3 bxc5
15. Be2 Ba6 16. Bb5 Bxb5 17. axb5 Ne5 18. O-O Nbd7 19. Bf4 c4 20. Be3 Rfb8 21.
Rfb1 Rb7 22. Nf2 h5 23. f4 Ng4 24. Nxg4 hxg4 25. e5 Nb6 26. Qa5 Rd8 27. Bd4 Rd5
28. Qa2 Nc8 29. Qe2 Rdxb5 30. Rf1 Rb2 31. Qxg4 Ne7 32. h4 Nf5 33. Bf2 Rd2 34.
Rfd1 Rd3 35. h5 Qd7 36. Rdb1 Rxb1+ 37. Rxb1 Rxc3 38. Qe2 Kh7 39. g4 Ng3 40.
Bxg3 Rxg3+ 41. Kf2 Qd3 42. Qxd3+ Rxd3 43. Rb7 Ra3 44. Rxf7 c3 45. g5 Kg8 46.
Rc7 Ra2+ 47. Ke3 c2 48. g6 Kf8 49. Kd2 c1=Q+ 50. Kxc1 Rh2 51. Rc8+ Ke7 52. Rg8
Rxh5 53. Rxg7+ Kf8 54. Rxa7 Rf5 55. Rf7+ Rxf7 56. gxf7 Kxf7 57. Kd2 Kg6 58. Ke3
Kf5 59. Kf3 Kg6 60. Kg4 Kh7 61. Kh5 1-0

[Event "Mislata 2015 Torneo A"]
[Site "Mislata ESP"]
[Date "2015.08.11"]
[Round "3.7"]
[White "Serna Lara, Sergio"]
[Black "Tortosa Fito, Sergio"]
[Result "1-0"]
[WhiteElo "2205"]
[BlackElo "1907"]
[PlyCount "49"]
[EventDate "2015.08.10"]
[EventType "swiss"]
[EventRounds "9"]
[EventCountry "ESP"]
[Source "lmi"]
[SourceDate "2015.08.10"]

1. d4 Nf6 2. c4 e6 3. Nf3 Bb4+ 4. Nbd2 c5 5. e3 cxd4 6. exd4 O-O 7. Bd3 d5 8.
O-O b6 9. a3 Bd6 10. b3 Bb7 11. Re1 Nc6 12. Bb2 Rc8 13. Qe2 Bf4 14. Rad1 Na5
15. c5 Bxd2 16. Nxd2 Nc6 17. b4 Rc7 18. b5 Ne7 19. c6 Bc8 20. Nf3 Qd6 21. Qe5
Ne8 22. Bc1 Ng6 23. Qg3 Qe7 24. Bxg6 hxg6 25. Bf4 1-0

[Event "Mislata 2015 Torneo A"]
[Site "Mislata ESP"]
[Date "2015.08.11"]
[Round "3.8"]
[White "Castella Garcia, Fausto"]
[Black "Mingarro Carceller, Sergi"]
[Result "1/2-1/2"]
[WhiteElo "2310"]
[BlackElo "2255"]
[PlyCount "53"]
[EventDate "2015.08.10"]
[EventType "swiss"]
[EventRounds "9"]
[EventCountry "ESP"]
[Source "lmi"]
[SourceDate "2015.08.10"]

1. e4 e5 2. Nf3 Nc6 3. Bc4 Bc5 4. c3 Nf6 5. d3 a6 6. Nbd2 Ba7 7. Bb3 d6 8. h3
h6 9. Nf1 Be6 10. Bc2 d5 11. Qe2 dxe4 12. dxe4 Qe7 13. Ba4 b5 14. Bb3 Na5 15.
Bxe6 Qxe6 16. Ng3 O-O 17. Nh2 Rad8 18. Ng4 Nxg4 19. hxg4 Qc4 20. Nf5 Qxe2+ 21.
Kxe2 f6 22. Bxh6 gxh6 23. Nxh6+ Kg7 24. Nf5+ Kg8 25. Nh6+ Kg7 26. Nf5+ Kg8 27.
Rh6 1/2-1/2